| 000 | 00640nam a2200193 a 4500 | ||
|---|---|---|---|
| 005 | 20210219160148.0 | ||
| 008 | 080919s2000 mx r 000 0 spa d | ||
| 035 | _aUPN01000159806 | ||
| 049 | _aUNE | ||
| 080 | _a351.852 (72) =20 COL | ||
| 245 | 0 | 0 | _aCollection of legislative texts concerning the protection of movable cultural property: Mexico. |
| 260 | _aParis : UNESCO, 1987 | ||
| 300 | _a22 p. | ||
| 440 | 0 | _aCollection of legislative texts: Mexico | |
| 500 | _aTÃtulo de la portada: The protection of movable cultural property | ||
| 690 | _aPatrimonio cultural- Legislacion- Mexico | ||
| 710 | 2 | _aUNESCO | |
| 905 | _aUNESCO | ||
| 999 |
_c131920 _d131920 |
||